00434nam a22001697a 4500003000400000005001700004008004100021020001800062050002600080245003900106250001200145260003900157300003400196541000600230562000600236650002200242OSt20140310182435.0130220t xxu||||| |||| 00| 0 eng d a9780853699002 aRA 975.5b.H828 2011  aHospital pharmacycMartin Stephens a2nd ed. aLondonbPharmaceutical Pressc2011 axxxiii, 313 p. : ill.c24 cm. j1 e1 aHospital Pharmacy